000 00382nam a2200169Ia 4500
008 210210b1949 xxu||||| |||| 00| 0 eng d
041 _aeng
082 _a821/34
100 _aBEVINGTON (J D) Ed
245 _aCharm of poetry
260 _aLondon
_bGinn & company
_c1949
650 _apoetry
650 _aof
650 _aCharm
690 _aEnglish Poetry
906 _a011203
999 _c129862
_d129862